000 00363nam a2200157Ia 4500
008 230711s9999||||xx |||||||||||||| ||und||
041 _aENG
082 _a621
_bKH-M
100 _aKhare,N.S
245 0 _aMagnetism and electricity
250 _a1st . . Ed.
260 _c1989
_aNew Delhi
_bAtma Rams
650 _aPhysics
700 _aSrivastava,S.S
942 _cBK
999 _c146
_d146